Two Ships Passing in the Night?: A Historical Analysis of Nietzsche's Inauspicious "Non-Engagement" with the Writings of Kierkegaard with Respect to Truth
Søren Kierkegaard (1813-1855) and Friedrich Nietzsche (1844-1900) were two seminal 19 th century thinkers, each of whom presented dramatically different theological and philosophical conceptions of Christianity and truth. Prior historical investigations into the relationship between these two indivi...
| Main Author: | |
|---|---|
| Format: | Electronic Article |
| Language: | English |
| Check availability: | HBZ Gateway |
| Interlibrary Loan: | Interlibrary Loan for the Fachinformationsdienste (Specialized Information Services in Germany) |
| Published: |
2022
|
| In: |
Zeitschrift für neuere Theologiegeschichte
Year: 2022, Volume: 29, Issue: 1, Pages: 1-22 |
| Standardized Subjects / Keyword chains: | B
Nietzsche, Friedrich 1844-1900
/ Kierkegaard, Søren 1813-1855
/ Christianity
/ Truth
|
| RelBib Classification: | KAH Church history 1648-1913; modern history VA Philosophy VB Hermeneutics; Philosophy |
| Further subjects: | B
Historical Reception
B Perspectivism B Friedrich Nietzsche B Søren Kierkegaard B Subjectivity B Truth |
| Online Access: |
Volltext (lizenzpflichtig) Volltext (lizenzpflichtig) |
MARC
| LEADER | 00000caa a22000002c 4500 | ||
|---|---|---|---|
| 001 | 1814551476 | ||
| 003 | DE-627 | ||
| 005 | 20251106133855.0 | ||
| 007 | cr uuu---uuuuu | ||
| 008 | 220817s2022 xx |||||o 00| ||eng c | ||
| 024 | 7 | |a 10.1515/znth-2022-0001 |2 doi | |
| 035 | |a (DE-627)1814551476 | ||
| 035 | |a (DE-599)KXP1814551476 | ||
| 040 | |a DE-627 |b ger |c DE-627 |e rda | ||
| 041 | |a eng | ||
| 084 | |a 1 |2 ssgn | ||
| 100 | 1 | |a Callaway, Dallas |e VerfasserIn |4 aut | |
| 109 | |a Callaway, Dallas | ||
| 245 | 1 | 0 | |a Two Ships Passing in the Night? |b A Historical Analysis of Nietzsche's Inauspicious "Non-Engagement" with the Writings of Kierkegaard with Respect to Truth |
| 264 | 1 | |c 2022 | |
| 336 | |a Text |b txt |2 rdacontent | ||
| 337 | |a Computermedien |b c |2 rdamedia | ||
| 338 | |a Online-Ressource |b cr |2 rdacarrier | ||
| 520 | |a Søren Kierkegaard (1813-1855) and Friedrich Nietzsche (1844-1900) were two seminal 19 th century thinkers, each of whom presented dramatically different theological and philosophical conceptions of Christianity and truth. Prior historical investigations into the relationship between these two individuals have problematised what was once a truism in Nietzsche (and Kierkegaard) studies whereby the younger Nietzsche was considered to have nil knowledge of the older Kierkegaard insofar as the former did not read the latter's writings. Focusing on the topic of truth, this study canvasses the historical literature on Nietzsche's reception of Kierkegaard to evidence the various ways in which Nietzsche indeed may be said to have "known" Kierkegaard, or at least to have become conversant with Kierkegaard's thought at some level of awareness. However, despite evidence of Nietzsche having encountered the thought of Kierkegaard in general and Kierkegaard's theory of truth in particular, this study will contend that such evidence for Nietzsche's knowledge of Kierkegaard generates as many questions as answers for the historical inquirer. Of note, as Nietzsche inauspiciously did not, in unequivocal writing, address Kierkegaard, this study concludes by illustrating a central challenge confronting historians and historiographers intent on tracking these thinkers' influence on theological truth claims without recourse to a primary literature. That is, without recourse to a literature in which Nietzsche autonomously responded to Kierkegaard regarding the topic of truth. | ||
| 601 | |a Kierkegaard, P. C. | ||
| 650 | 4 | |a Friedrich Nietzsche | |
| 650 | 4 | |a Historical Reception | |
| 650 | 4 | |a Perspectivism | |
| 650 | 4 | |a Subjectivity | |
| 650 | 4 | |a Søren Kierkegaard | |
| 650 | 4 | |a Truth | |
| 652 | |a KAH:VA:VB | ||
| 689 | 0 | 0 | |d p |0 (DE-588)118587943 |0 (DE-627)133733971 |0 (DE-576)209049553 |2 gnd |a Nietzsche, Friedrich |d 1844-1900 |
| 689 | 0 | 1 | |d p |0 (DE-588)118562002 |0 (DE-627)133369072 |0 (DE-576)20898786X |2 gnd |a Kierkegaard, Søren |d 1813-1855 |
| 689 | 0 | 2 | |d s |0 (DE-588)4010074-1 |0 (DE-627)104493933 |0 (DE-576)20888579X |2 gnd |a Christentum |
| 689 | 0 | 3 | |d s |0 (DE-588)4064314-1 |0 (DE-627)106124323 |0 (DE-576)209152680 |2 gnd |a Wahrheit |
| 689 | 0 | |5 (DE-627) | |
| 773 | 0 | 8 | |i Enthalten in |t Zeitschrift für neuere Theologiegeschichte |d Berlin [u.a.] : De Gruyter, 1994 |g 29(2022), 1, Seite 1-22 |h Online-Ressource |w (DE-627)330263617 |w (DE-600)2050028-2 |w (DE-576)251821986 |x 1612-9776 |7 nnas |
| 773 | 1 | 8 | |g volume:29 |g year:2022 |g number:1 |g pages:1-22 |
| 856 | 4 | 0 | |u https://doi.org/10.1515/znth-2022-0001 |x Resolving-System |z lizenzpflichtig |3 Volltext |7 1 |
| 856 | 4 | 0 | |u https://www.degruyterbrill.com/document/doi/10.1515/znth-2022-0001/html |x Verlag |z lizenzpflichtig |3 Volltext |7 1 |
| 951 | |a AR | ||
| ELC | |a 1 | ||
| ITA | |a 1 |t 1 | ||
| LOK | |0 000 xxxxxcx a22 zn 4500 | ||
| LOK | |0 001 4180037874 | ||
| LOK | |0 003 DE-627 | ||
| LOK | |0 004 1814551476 | ||
| LOK | |0 005 20251106133855 | ||
| LOK | |0 008 220817||||||||||||||||ger||||||| | ||
| LOK | |0 040 |a DE-Tue135 |c DE-627 |d DE-Tue135 | ||
| LOK | |0 092 |o n | ||
| LOK | |0 852 |a DE-Tue135 | ||
| LOK | |0 852 1 |9 00 | ||
| LOK | |0 935 |a ixzs |a ixzo | ||
| LOK | |0 936ln |0 1442044624 |a KAH | ||
| LOK | |0 936ln |0 1442053844 |a VA | ||
| LOK | |0 936ln |0 144205381X |a VB | ||
| LOK | |0 939 |a 17-08-22 |b l01 | ||
| ORI | |a SA-MARC-ixtheoa001.raw | ||
| REL | |a 1 | ||
| STA | 0 | 0 | |a Christianity,Christian world view,World view,Christian ideology,Truth,Truth,Aletheia |
| STB | 0 | 0 | |a Christianisme,Christianisme,Vérité,Vérité |
| STC | 0 | 0 | |a Cristianismo,Cristianismo,Cristiandad,Cristiandad,Cristiandad (Motivo),Cristiandad,Verdad,Verdad |
| STD | 0 | 0 | |a Cristianesimo,Cristianesimo,Verità,Verità |
| STE | 0 | 0 | |a 基督教,基督教,基督教世界观,真理,真理 |
| STF | 0 | 0 | |a 基督教,基督教,基督教世界觀,真理,真理 |
| STG | 0 | 0 | |a Cristianismo,Cristianismo,Cristandade,Cristandade,Cristandade (Motivo),Cristandade,Verdade,Verdade |
| STH | 0 | 0 | |a Правда (мотив),Правда,Христианство (мотив),Христианство |
| STI | 0 | 0 | |a Αλήθεια (μοτίβο),Αλήθεια,Χριστιανισμός (μοτίβο),Χριστιανισμός |
| SUB | |a REL | ||
| SYG | 0 | 0 | |a Niçşe, Fridrih,1844-1900,Nietzsche, Friedrich Wilhelm,1844-1900,Nietzsche, Friedrich W.,1844-1900,Nietzsche, Friedrich G.,1844-1900,Nietzsche, Federico G.,1844-1900,Nietzsche, Frederico,1844-1900,Nietzsche, Fridericus,1844-1900,Nietzsche,1844-1900,Nīča, Fridirīk,1844-1900,Nīča, Frīdrīš,1844-1900,Nīča, Frīdrīḫ,1844-1900,Nīča, Frīdrīš Wīlhilm,1844-1900,Niče, Fridrih,1844-1900,Niče, Fridrich,1844-1900,Nich'e, P'ŭridŭrihi,1844-1900,Nic'še, Fridrix,1844-1900,Nicšė, Frydrych,1844-1900,Nicše, Friedrich,1844-1900,Nicše, F.,1844-1900,Nicše, Fridrich,1844-1900,Nicše,1844-1900,Niçe,1844-1900,Nītša, Frīdrīš,1844-1900,Nietszche, Friedrich,1844-1900,Nietztsche,1844-1900,Niezsche, F.,1844-1900,Nitče,1844-1900,Niṭsheh, Fridrikh,1844-1900,Nitse, Phreideriku,1844-1900,Nitse, Phrēntrich,1844-1900,Nitse, Phrintrich,1844-1900,Nitse, Phr.,1844-1900,Nitse,1844-1900,Nitše, F.,1844-1900,Nītših, Frīdrīk,1844-1900,Nītših, Frīdriš,1844-1900,Niṭshah, Fridrikh,1844-1900,Nyčė, Frydrichas,1844-1900,N., Fridericus,1844-1900,Nīče, Frīdrihs Vilhelms,1844-1900,Nīče, Fridrihs,1844-1900,Nīče, Frīdrihs,1844-1900,Nīče, Vilhelms,1844-1900,Nīche, F. W.,1844-1900,Nīche, F.,1844-1900,Nīche, Furīdorihi,1844-1900,Nīche,1844-1900,Nītše, Frīdriš,1844-1900,Fu li de li xi Ni cai,1844-1900,Fulidelixi-Nicai,1844-1900,Nicai, Fulidlixi,1844-1900,Ni cai,1844-1900,Nicai,1844-1900,Nitsi,1844-1900,Netzi, Fidirix Wilihlim,1844-1900,Nitče, Fredrix,1844-1900,Nitche, Fredih,1844-1900,Nietzsche, Federico,1844-1900,Nietzsche, Frédéric,1844-1900,Nietzsche, Fryderyk,1844-1900,Nitcše, Fridrich,1844-1900,Nīche, Furīdorihhi Viruherumu,1844-1900,Nicšė, Frydrych,1844-1900,Peu li deu li hi Ni che,1844-1900,Peulideulihi-Niche,1844-1900,Niche, Peulideulihi,1844-1900,Nich'e, P'ŭridŭrihi,1844-1900,Nic̕še, P̕ridrix,1844-1900 , Kierkegaard, Søren Aabye,1813-1855,Kierkegaard, S.,1813-1855,Kirkegor, Seren,1813-1855,Kierkegaard, Soeren,1813-1855,K'erkegor,1813-1855,Kierkegaard, Soren Aabye,1813-1855,Kierkegaard, Soren A.,1813-1855,Kierkegaard, Sören A.,1813-1855,Kierkegaard, Søren A.,1813-1855,Kjerkegaard, S.,1813-1855,Kierkegaard, St́ren A.,1813-1855,Kierkegaard, St́ren,1813-1855,Kjerkegor, Seren,1813-1855,Kierkegaard, Soren,1813-1855,Kierkegaard, Sören,1813-1855,Notabene, Nikolaus,1813-1855,Minor, Petrus,1813-1855,Eremita, Victor,1813-1855,Vigilius,Haufniensis,1813-1855,Haufniensis, Vigilius,1813-1855,Climacus, Johannes,1813-1855,Silentio, Johannes de,1813-1855,Johannes,de Silentio,1813-1855,Silentio, Johannes de,1813-1855,Constantius, Constantin,1813-1855,Buchbinder, Hilarius,1813-1855,Bogbinder, Hilarius,1813-1855,Afham, William,1813-1855,Anti-Climacus,1813-1855,Eremita, Viktor,1813-1855,Johannes,Climacus,1813-1855,Notabene, Nicolaus,1813-1855,Inter et inter,1813-1855,Vigilius,1813-1855,Nicolaus Notabene,1813-1855,Kierkegaard, S.A.,1813-1855,Kierkegaard, S. A.,1813-1855 , Christianity,Christliche Mission,Missionierung,Christenheit,Christianitas,Christliche Religion,Christliche Weltanschauung , Die Wahrheit |



